| 000 | 00662nam a2200205Ia 4500 | ||
|---|---|---|---|
| 003 | GCL | ||
| 008 | 140319s9999 xx 000 0 ara d | ||
| 040 |
_aGCL / _cGCL |
||
| 082 | 0 | 4 |
_aق _b920.71 _bل هـ |
| 100 | 1 | _aلمعى المطيعى | |
| 245 | 1 | 0 |
_aهؤلاء الرجال من مصر / _cلمعى المطيعى |
| 260 |
_a[S.N] : _bالهيئة المصرية العامة للكتاب ، _c1993 |
||
| 300 |
_a354 ص ؛ _c22 سم |
||
| 490 |
_aتاريخ المصريين _v62 |
||
| 650 | 0 | 4 | _aالادب العربى |
| 650 | 0 | 4 | _aاعلام العرب |
| 650 | 0 | 4 | _aالادباء العرب |
| 650 | 0 | 4 | _aتاريخ ونقد |
| 942 |
_2ddc _cBK |
||
| 999 |
_c36128 _d36128 |
||